[Event "Titled Tue 17th Jun Early"]
[Site "chess.com INT"]
[Date "2025.06.17"]
[Round "4"]
[White "Moksh, Amit Doshi"]
[Black "Azizoglu, Ferzan"]
[Result "1-0"]
[WhiteTitle "IM"]
[WhiteElo "2366"]
[BlackElo "2055"]
[WhiteFideId "25064967"]
[BlackFideId "6302726"]
[EventDate "2025.06.17"]

1. Nf3 d5 2. b3 c6 3. Bb2 Bg4 4. g3 Nd7 5. Bg2 Ngf6 6. h3 Bxf3 7. Bxf3 e5 8. d3
Bc5 9. O-O O-O 10. Nd2 Re8 11. Bg2 a5 12. a4 Qc7 13. e3 Rad8 14. Kh2 Bd6 15. Qe2
Nf8 16. Rae1 Ng6 17. e4 dxe4 18. Nxe4 Nxe4 19. Bxe4 Bb4 20. Rd1 Bc5 21. h4 Bd4
22. Bc1 Nf8 23. h5 h6 24. Qg4 Kh8 25. f4 exf4 26. Rxf4 Qd7 27. Qxd7 Rxd7 28.
Rdf1 f6 29. Rf5 Re5 30. Bf4 Rxf5 31. Bxf5 Re7 32. Bd6 Re2+ 33. Kh3 Kg8 34. Bg4
Rxc2 35. Re1 Be5 36. Bxe5 fxe5 37. Rxe5 Rc3 38. Rxa5 Rxb3 39. d4 Rb4 40. Bc8 Nh7
41. Ra8 Kf7 42. Ra7 Rxd4 43. a5 Ng5+ 44. Kg2 Kf6 45. Bxb7 c5 46. a6 Ra4 47. Ra8
c4 48. a7 Ke7 49. Bc6 Ra2+ 50. Kf1 Kd6 51. Rd8+ Kxc6 52. a8=Q+ Rxa8 53. Rxa8 Kd5
54. Ke2 Ne4 55. g4 Nf6 56. Kf3 Kd4 57. Ra7 c3 58. Rxg7 c2 59. Rc7 Kd3 60. Rc6
Nd5 61. Rxc2 Kxc2 62. Ke4 Ne7 63. Ke5 Kd3 64. Kf6 Nd5+ 65. Kg7 Ke4 66. g5 Kf4
67. gxh6 1-0

[Event "Titled Tue 17th Jun Early"]
[Site "chess.com INT"]
[Date "2025.06.17"]
[Round "4"]
[White "Pham, Le Thao Nguyen"]
[Black "Paravyan, David"]
[Result "0-1"]
[WhiteTitle "IM"]
[BlackTitle "GM"]
[WhiteElo "2357"]
[BlackElo "2589"]
[WhiteFideId "12401226"]
[BlackFideId "4194985"]
[EventDate "2025.06.17"]

1. d4 d5 2. c4 e6 3. Nc3 Nf6 4. Nf3 c5 5. cxd5 Nxd5 6. e4 Nxc3 7. bxc3 cxd4 8.
cxd4 Bb4+ 9. Bd2 Bxd2+ 10. Qxd2 O-O 11. Bc4 Nd7 12. O-O b6 13. Rfe1 Bb7 14. Rad1
Nf6 15. Bd3 Rc8 16. Qf4 Qc7 17. Qh4 h6 18. e5 Bxf3 19. gxf3 Nd5 20. Kh1 Qe7 21.
Qe4 g6 22. Rc1 Rxc1 23. Rxc1 Kg7 24. Rg1 Rc8 25. Qg4 Qg5 26. Qxg5 hxg5 27. Rxg5
Nf4 28. Be4 Ne2 29. h4 Nxd4 30. Kg2 Nf5 31. Bxf5 exf5 32. f4 Rc4 33. Kg3 Rc3+
34. Kg2 Rc4 35. Kg3 Rc3+ 36. Kg2 Kh6 37. h5 Rc4 38. Kg3 Rc3+ 39. Kg2 Rc4 40. Kg3
Ra4 41. e6 fxe6 42. Rxg6+ Kxh5 43. Rxe6 Rxa2 44. Rf6 Ra5 45. f3 Rb5 46. Re6 a5
47. Rf6 a4 48. Rd6 a3 49. Rd3 Ra5 0-1

[Event "Titled Tue 17th Jun Early"]
[Site "chess.com INT"]
[Date "2025.06.17"]
[Round "4"]
[White "Aliyev, Elnur"]
[Black "Stanojevic, Ilija"]
[Result "0-1"]
[WhiteTitle "CM"]
[BlackTitle "FM"]
[WhiteElo "2123"]
[BlackElo "2189"]
[WhiteFideId "13402617"]
[BlackFideId "959995"]
[EventDate "2025.06.17"]

1. e4 c5 2. Nf3 Nc6 3. Nc3 g6 4. Bc4 Bg7 5. O-O e6 6. Re1 d6 7. a3 a6 8. Rb1 b5
9. Ba2 Nge7 10. b4 c4 11. Bb2 O-O 12. d3 d5 13. exd5 exd5 14. dxc4 dxc4 15. Qxd8
Rxd8 16. Ne4 Bf5 17. Bxg7 Kxg7 18. c3 Nd5 19. Rbc1 Re8 20. Bb1 Re7 21. Nh4 Bxe4
22. Rxe4 Rae8 23. Rxe7 Rxe7 24. Kf1 Ne5 25. Be4 Nf4 26. Nf3 f5 27. Nxe5 fxe4 28.
Nc6 Rd7 29. Nd4 Nd3 30. Rc2 Rf7 31. Kg1 h5 32. h4 Kh6 33. Re2 Re7 34. Re3 Nb2
35. f3 Nd1 36. Rxe4 Rxe4 37. fxe4 Nxc3 38. e5 Nb1 39. e6 Kg7 40. Kf2 Kf6 41. Ke3
Nxa3 42. Ke4 c3 43. Kd5 c2 44. Nb3 Nc4 45. Nc1 Ke7 46. Nd3 Ne3+ 47. Ke5 Nxg2 48.
Nc1 Ne1 49. Kd5 Nf3 50. Kc5 Kxe6 51. Kb6 Kd5 52. Kxa6 Kc4 53. Ka5 Nd4 54. Na2
Nb3+ 55. Kb6 c1=Q 56. Nxc1 Nxc1 57. Kc6 Kxb4 58. Kd6 Kc4 59. Ke5 b4 60. Kf4 b3
61. Kg5 b2 62. Kxg6 b1=Q+ 63. Kxh5 Qh7+ 64. Kg5 Kd4 65. h5 Ke5 66. Kg4 Qf5+ 67.
Kh4 Qf4+ 68. Kh3 Qg5 69. h6 Kf4 70. h7 Qg3# 0-1

[Event "Titled Tue 17th Jun Early"]
[Site "chess.com INT"]
[Date "2025.06.17"]
[Round "4"]
[White "Mekhitarian, Krikor Sevag"]
[Black "Yezhel, Valiantsin"]
[Result "1-0"]
[WhiteTitle "GM"]
[BlackTitle "FM"]
[WhiteElo "2564"]
[BlackElo "2256"]
[WhiteFideId "2107660"]
[BlackFideId "13504983"]
[EventDate "2025.06.17"]

1. Nf3 d5 2. c4 e6 3. d4 a6 4. cxd5 exd5 5. Bf4 Nf6 6. Nc3 c6 7. e3 Bd6 8. Bxd6
Qxd6 9. Qb3 O-O 10. Bd3 Nbd7 11. O-O a5 12. Rac1 Re8 13. Qc2 g6 14. h3 Kg7 15.
a3 h5 16. Rfe1 b5 17. a4 b4 18. Nb1 Ba6 19. Bxa6 Rxa6 20. Nbd2 Rc8 21. Nb3 Ne4
22. Nfd2 Nxd2 23. Qxd2 c5 24. dxc5 Qe5 25. Rc2 Rac6 26. Rec1 h4 27. Qd4 g5 28.
Nxa5 Ra6 29. c6 Qxd4 30. exd4 Nf6 31. Nb7 Rxa4 32. Nd6 Rc7 33. Nb5 Rc8 34. c7
Ne8 35. Rc6 b3 36. Nd6 Nxd6 37. Rxd6 Ra7 38. Rdc6 Rb7 39. R1c5 f6 40. Kf1 Kf7
41. Ke2 Ke7 42. Kf3 Rb4 43. Ke3 Rb7 44. Kf3 Kd7 45. Rxf6 Rcxc7 46. Rf7+ Kd6 47.
Rfxc7 Rxc7 48. Rxc7 Kxc7 49. g3 Kc6 50. gxh4 gxh4 51. Ke3 Kb5 52. Kd3 Kc6 53.
Kc3 Kd6 54. Kxb3 Ke6 55. Kc3 Kf5 56. b4 Ke4 57. b5 Kf3 58. b6 Kg2 59. b7 Kxh3
60. b8=Q Kg2 61. f4 h3 62. Qg8+ Kf2 63. Qxd5 h2 64. f5 Kg3 65. f6 h1=Q 66. Qxh1 1-0

[Event "Titled Tue 17th Jun Early"]
[Site "chess.com INT"]
[Date "2025.06.17"]
[Round "4"]
[White "Begunov, Konstantin"]
[Black "Shapiro, Daniel"]
[Result "1-0"]
[WhiteTitle "FM"]
[BlackTitle "FM"]
[WhiteElo "2325"]
[BlackElo "2284"]
[WhiteFideId "4118510"]
[BlackFideId "2001780"]
[EventDate "2025.06.17"]

1. d4 Nf6 2. c4 e6 3. Nf3 d5 4. cxd5 exd5 5. Bg5 Be7 6. e3 c6 7. Bd3 O-O 8. Nc3
Nbd7 9. O-O Re8 10. Qc2 h6 11. Bh4 Nh5 12. Bxe7 Qxe7 13. Rab1 a5 14. a3 b5 15.
Rfe1 b4 16. axb4 axb4 17. Na4 Ba6 18. Bxa6 Rxa6 19. b3 Nhf6 20. Rbc1 Ne4 21. Nd2
Nxd2 22. Qxd2 f5 23. Qd3 Nb8 24. Qxf5 Rf8 25. Qg6 Rf6 26. Qg3 Qf8 27. Rc2 Ra7
28. Nc5 Raf7 29. Nd3 Kh7 30. Ne5 Re7 31. Rec1 Ree6 32. f4 Qe8 33. h3 Na6 34. Kh2
Nc7 35. Qe1 g5 36. g3 gxf4 37. exf4 h5 38. h4 Na6 39. Qe2 Qc8 40. Qxh5+ Kg7 41.
Qg4+ Kh7 42. Re1 Qf8 43. Rce2 Nc7 44. Nf3 Rxe2+ 45. Rxe2 Nb5 46. Ng5+ Kh8 47.
Qh5+ Rh6 48. Qxh6+ Qxh6 49. Nf7+ Kg7 50. Nxh6 Kxh6 51. Re6+ Kh5 52. Rxc6 Nxd4
53. Rb6 Kg4 54. Rxb4 Nf3+ 55. Kg2 d4 56. h5 d3 57. Rb8 d2 58. Rg8+ Kf5 59. Rd8
Ke4 60. h6 Nd4 61. Rxd4+ Kxd4 62. h7 d1=Q 63. h8=Q+ Ke4 64. Qe5+ Kd3 65. Qd5+
Kc2 66. Qxd1+ Kxd1 67. b4 Kc2 68. b5 Kc3 69. b6 Kc4 70. b7 Kd4 71. b8=Q Ke3 72.
Qe5+ 1-0

[Event "Titled Tue 17th Jun Early"]
[Site "chess.com INT"]
[Date "2025.06.17"]
[Round "4"]
[White "Altynbek, Aiaru"]
[Black "Mesquita, Eduardo Barbosa"]
[Result "1/2-1/2"]
[WhiteTitle "WFM"]
[WhiteElo "1977"]
[BlackElo "2014"]
[WhiteFideId "13752472"]
[BlackFideId "22757163"]
[EventDate "2025.06.17"]

1. d4 d5 2. c4 e6 3. Nf3 Nf6 4. Nc3 Nbd7 5. Bf4 Bb4 6. e3 O-O 7. Bd3 c5 8. O-O
b6 9. Nb5 Bb7 10. Bd6 a6 11. Bxf8 axb5 12. Bd6 bxc4 13. Bc2 Ne8 14. Bg3 f6 15.
Qe2 Nf8 16. e4 cxd4 17. Nxd4 e5 18. Nf5 g6 19. Ne3 Nd6 20. Nxd5 Bxd5 21. exd5
Bc5 22. Kh1 Qe7 23. a3 Re8 24. Ba4 Ra8 25. Bc6 Rd8 26. Rae1 g5 27. h4 h6 28.
hxg5 hxg5 29. f4 Qh7+ 30. Bh2 exf4 31. Qe7 Nf5 32. Qxh7+ Kxh7 33. Rc1 Kg6 34.
Rxc4 Nh7 35. b4 Be3 36. g3 Rh8 37. Kg2 Nf8 38. gxf4 gxf4 39. Bxf4 Bxf4 40. Rcxf4
Ne3+ 41. Kf2 Nxf1 42. Kxf1 Nh7 43. Rf2 Ng5 44. Ke2 Rh4 45. Kd3 Rh5 46. Be8+ Nf7
47. Rg2+ Rg5 48. Bxf7+ Kxf7 49. Rxg5 fxg5 50. Ke4 Ke7 51. Kf5 Kd6 52. a4 Kxd5
53. a5 bxa5 54. bxa5 Kc6 55. Kxg5 Kb5 56. Kf4 Kxa5 1/2-1/2

[Event "Titled Tue 17th Jun Early"]
[Site "chess.com INT"]
[Date "2025.06.17"]
[Round "4"]
[White "Jimenez Carrazoni, Marta Elena"]
[Black "Bodemar, Jonathan"]
[Result "0-1"]
[WhiteTitle "WCM"]
[BlackTitle "CM"]
[WhiteElo "1968"]
[BlackElo "2150"]
[WhiteFideId "54765102"]
[BlackFideId "6205488"]
[EventDate "2025.06.17"]

1. e4 e6 2. d4 d5 3. Nc3 Nf6 4. Bg5 dxe4 5. Nxe4 Be7 6. Bxf6 gxf6 7. Nf3 f5 8.
Nc3 a6 9. Bc4 b5 10. Bb3 c5 11. dxc5 Qxd1+ 12. Rxd1 Bxc5 13. O-O Bb7 14. Nd4 Rg8
15. g3 Nc6 16. Nxc6 Bxc6 17. Rfe1 Ke7 18. Bd5 Rac8 19. Bxc6 Rxc6 20. Nd5+ Kf8
21. Nf4 Ke7 22. c3 Rgc8 23. a4 bxa4 24. Ra1 a3 25. b4 Bd6 26. Rxa3 Bxf4 27. gxf4
Rxc3 28. Rxa6 Rb3 29. Ra7+ Kf6 30. Rd1 Rxb4 31. Rdd7 Rg8+ 32. Kf1 Rg7 33. Ke2
Rxf4 34. f3 Rh4 35. Ke3 Rxh2 36. Ra4 h5 37. Rd8 Rh7 38. Rg8 h4 39. Ra1 Rb2 40.
Rgg1 h3 41. Rh1 h2 42. f4 Rh3+ 43. Kd4 Rb4+ 44. Kc5 Rxf4 45. Ra2 Rfh4 46. Kd6
Rd4+ 47. Kc5 Re4 48. Kd6 Kg5 49. Ke7 f6 50. Kf7 f4 51. Kg7 e5 52. Kf7 Kf5 53.
Ra6 Re2 54. Rxf6+ Ke4 55. Ra6 Rg2 56. Ra3 Rxa3 57. Re1+ Re3 58. Rg1 hxg1=Q 59.
Ke6 Rg6+ 60. Kf7 Ra3 61. Ke7 Ra7+ 62. Kf8 Rg8# 0-1

[Event "Titled Tue 17th Jun Early"]
[Site "chess.com INT"]
[Date "2025.06.17"]
[Round "4"]
[White "Andreev, Konstantin"]
[Black "Kezin, Roman"]
[Result "0-1"]
[WhiteTitle "FM"]
[BlackTitle "IM"]
[WhiteElo "2208"]
[BlackElo "2471"]
[WhiteFideId "24239305"]
[BlackFideId "24124621"]
[EventDate "2025.06.17"]

1. e4 c5 2. Nf3 a6 3. c3 d5 4. exd5 Nf6 5. d4 cxd4 6. Nxd4 Nxd5 7. Be2 g6 8. O-O
Bg7 9. Nd2 O-O 10. a4 Nf4 11. Bf3 Qc7 12. Ne4 Rd8 13. Qb3 Bxd4 14. cxd4 Nc6 15.
Be3 Nxd4 16. Bxd4 Rxd4 17. Rac1 Qd8 18. Ng5 e6 19. Qe3 Rxa4 20. Ne4 Nd5 21. Qh6
Qf8 22. Qg5 h6 23. Qh4 Bd7 24. Nf6+ Nxf6 25. Qxf6 Qg7 26. Qe7 Bb5 27. Rfd1 Qxb2
28. h4 Rf8 29. Rc7 Qb4 30. Qxb4 Rxb4 31. h5 g5 32. Rxb7 Rf4 33. Rd6 Rc8 34. Kh2
g4 35. Bd1 Rxf2 36. Bxg4 Bc6 37. Rb6 Bxg2 38. Kg3 Ra2 39. Rxa6 Rc3+ 40. Kh4 Rxa6
41. Rxa6 Bd5 42. Ra7 Kg7 43. Bh3 Rc4+ 44. Kg3 Kf6 45. Bg4 Rc3+ 46. Kf4 Rc4+ 47.
Kg3 Kg5 48. Be2 Rc3+ 49. Kf2 f5 50. Rg7+ Kf4 51. Rg6 Rc2 52. Ke1 Ke3 53. Bd1 Rh2 0-1

[Event "Titled Tue 17th Jun Early"]
[Site "chess.com INT"]
[Date "2025.06.17"]
[Round "4"]
[White "Khazan, Yevgeny"]
[Black "Belov, Alexei"]
[Result "1-0"]
[WhiteTitle "CM"]
[BlackTitle "IM"]
[WhiteElo "2135"]
[BlackElo "2421"]
[WhiteFideId "2806193"]
[BlackFideId "4128206"]
[EventDate "2025.06.17"]

1. d4 d5 2. c4 e6 3. Nf3 Nf6 4. g3 Be7 5. Bg2 O-O 6. O-O dxc4 7. Qc2 a6 8. Rd1
Bd7 9. Qxc4 Bc6 10. Nc3 b5 11. Qd3 b4 12. Nb1 Be4 13. Qe3 Nbd7 14. Nbd2 Bd5 15.
Qd3 c5 16. e4 Bb7 17. d5 exd5 18. exd5 Bxd5 19. Nc4 Nb6 20. Nxb6 Qxb6 21. Bg5
Rad8 22. Qf5 Be6 23. Qf4 h6 24. Bxh6 gxh6 25. Qxh6 Nh7 26. Ne5 Rxd1+ 27. Rxd1
Rd8 28. Re1 Bf8 29. Qh5 Bg7 30. Ng4 Qd6 31. h4 Qd4 32. Be4 Nf6 33. Nxf6+ Qxf6
34. b3 c4 35. bxc4 Bxc4 36. Qh7+ Kf8 37. h5 Bxa2 38. Kg2 Be6 39. Rh1 Qh6 40.
Qxh6 Bxh6 41. Ra1 Bc4 42. Ra4 Rb8 43. Bb1 Kg7 44. g4 f6 45. Kg3 Bd2 46. f4 Bb5
47. Ra2 Bc3 48. Bc2 Bc4 49. Ra4 Bb5 50. Ra2 Bc4 51. Ra4 Be6 52. g5 Bf7 53. h6+
Kh8 54. g6 1-0

[Event "Titled Tue 17th Jun Early"]
[Site "chess.com INT"]
[Date "2025.06.17"]
[Round "4"]
[White "Hansen, Eric"]
[Black "Gilfanov, Marat I"]
[Result "1-0"]
[WhiteTitle "GM"]
[BlackTitle "FM"]
[WhiteElo "2609"]
[BlackElo "2343"]
[WhiteFideId "2606771"]
[BlackFideId "34372164"]
[EventDate "2025.06.17"]

1. e4 e6 2. d4 d5 3. Nc3 Nf6 4. Bg5 dxe4 5. Nxe4 Be7 6. Bxf6 gxf6 7. Nf3 f5 8.
Nc3 a6 9. g3 b5 10. Bg2 Bb7 11. O-O O-O 12. Re1 c5 13. Ne2 Qb6 14. c3 Bf6 15.
Nf4 cxd4 16. Nh5 Bg7 17. Qd2 h6 18. Nxg7 Kxg7 19. Rad1 Nc6 20. cxd4 Ne7 21. Ne5
Bxg2 22. Kxg2 Qb7+ 23. f3 Rad8 24. Qf2 Rd5 25. Nd3 Ng6 26. Nc5 Qb6 27. b4 Rfd8
28. h4 Ne7 29. a3 Nc6 30. g4 Nxd4 31. gxf5 exf5 32. Kh3 Qf6 33. Nb7 R8d7 34. Nc5
Rd8 35. Nb7 Rc8 36. Nc5 Kh7 37. Rd3 Ne6 38. Rxd5 Nf4+ 39. Kh2 Nxd5 40. Rd1 Nf4
41. Qg3 Ng6 42. Rd6 Qb2+ 43. Kh1 Rg8 44. Nd7 Nxh4 45. Nf6+ Qxf6 46. Qxg8+ Kxg8
47. Rxf6 Nxf3 48. Rxa6 Kg7 49. Rd6 f4 50. Kg2 Nh4+ 51. Kf2 Nf5 52. Rd5 Kf6 53.
Rxb5 h5 54. a4 h4 55. Rb8 h3 56. Rh8 Ne3 57. Rxh3 1-0

[Event "Titled Tue 17th Jun Early"]
[Site "chess.com INT"]
[Date "2025.06.17"]
[Round "4"]
[White "Atanasov, Anthony"]
[Black "Kurmangaliyeva, Liya"]
[Result "1-0"]
[WhiteTitle "IM"]
[BlackTitle "FM"]
[WhiteElo "2417"]
[BlackElo "2276"]
[WhiteFideId "2623897"]
[BlackFideId "13725831"]
[EventDate "2025.06.17"]

1. e4 c5 2. Nf3 e6 3. d4 cxd4 4. Nxd4 Nc6 5. Nc3 Qc7 6. Ncb5 Qb8 7. Bd3 a6 8.
Nxc6 bxc6 9. Nd4 Bd6 10. Nf3 Ne7 11. O-O Ng6 12. g3 O-O 13. Kg2 c5 14. Qe2 Bb7
15. h4 h6 16. h5 Ne7 17. c3 f5 18. Re1 Qe8 19. Nh4 fxe4 20. Bxe4 Bxe4+ 21. Qxe4
Qxh5 22. Be3 Qd5 23. Qxd5 Nxd5 24. Rad1 g5 25. c4 Nxe3+ 26. Rxe3 Bb8 27. Nf3 Ra7
28. Rh1 Kg7 29. Nd2 Rb7 30. b3 Rc7 31. Ne4 d5 32. Nd2 Rf6 33. Rhe1 Kf7 34. Nf3
Re7 35. cxd5 Bd6 36. dxe6+ Rfxe6 37. Rxe6 Rxe6 38. Rd1 Be7 39. Nd2 Re2 40. Kf3
Re6 41. Nc4 Bf6 42. Rd7+ Kg6 43. Rd6 Kf7 44. g4 Bd4 45. Rxe6 Kxe6 46. Nd2 Kd5
47. Nc4 Bc3 48. Ke3 Bd4+ 49. Ke2 Ke4 50. f3+ Kf4 51. Nd6 Bc3 52. Ne4 Bd4 53. Nd6
Bc3 54. Nf7 Bg7 55. Nd8 Bd4 56. Ne6+ Ke5 57. Nc7 Kf4 58. Nxa6 Bc3 59. Nxc5 Kg3
60. Ne4+ 1-0

[Event "Titled Tue 17th Jun Early"]
[Site "chess.com INT"]
[Date "2025.06.17"]
[Round "4"]
[White "Cramling Bellon, Anna"]
[Black "Frempong-Smart Daniel"]
[Result "1-0"]
[WhiteTitle "WFM"]
[BlackTitle "CM"]
[WhiteElo "2046"]
[BlackElo "1841"]
[WhiteFideId "32009232"]
[BlackFideId "12601659"]
[EventDate "2025.06.17"]

1. d4 Nf6 2. c4 e6 3. Nf3 b6 4. Nc3 Bb7 5. Qc2 Bb4 6. e3 O-O 7. Bd3 d5 8. Bd2
dxc4 9. Bxc4 Nbd7 10. Be2 c5 11. a3 Ba5 12. Qa4 cxd4 13. exd4 Bxc3 14. bxc3 a6
15. O-O b5 16. Qb3 Bd5 17. Qb2 Nb6 18. Ne5 Rc8 19. Bg5 h6 20. Bh4 g5 21. Bg3 Na4
22. Qd2 Ne4 23. Qe3 Rxc3 24. Bd3 Nb2 25. Rfc1 Rxc1+ 26. Rxc1 Nxd3 27. Qxd3 Nxg3
28. hxg3 Ba8 29. Ng4 Kg7 30. Rc5 Qd6 31. Qc3 Bd5 32. Ne3 Rd8 33. Rxd5 exd5 34.
Nf5+ Kf6 35. Nxd6 Rxd6 36. Qc7 Ke6 37. Qc8+ Kf6 38. f4 gxf4 39. gxf4 Re6 40.
Qh8+ Ke7 41. f5 Re1+ 42. Kh2 Re4 43. Qxh6 Rxd4 44. f6+ Ke6 45. Qe3+ Re4 46. Qb6+
Kf5 47. Qxa6 Re6 48. Qxb5 Rxf6 49. Qxd5+ Kg6 50. Qe4+ Kg7 51. a4 Rh6+ 52. Kg1
Re6 53. Qg4+ Kf8 54. Qb4+ Ke8 55. a5 Re7 56. Qb8+ Kd7 57. a6 Ke6 58. a7 1-0

[Event "Titled Tue 17th Jun Early"]
[Site "chess.com INT"]
[Date "2025.06.17"]
[Round "4"]
[White "Sutormin, Danila"]
[Black "Palczert, Matyas"]
[Result "1/2-1/2"]
[WhiteTitle "FM"]
[BlackTitle "FM"]
[WhiteElo "2381"]
[BlackElo "2396"]
[WhiteFideId "24108669"]
[BlackFideId "784958"]
[EventDate "2025.06.17"]

1. e4 e5 2. Nf3 Nc6 3. d4 exd4 4. Nxd4 Bc5 5. Nb3 Bb6 6. Nc3 d6 7. Qe2 Nge7 8.
Be3 O-O 9. O-O-O f5 10. Bxb6 axb6 11. exf5 Bxf5 12. g4 Bg6 13. Bg2 Kh8 14. Rhe1
Ng8 15. a3 Qh4 16. f3 Rae8 17. Qd2 Rxe1 18. Rxe1 Qxh2 19. Nd5 Ne5 20. Nd4 Qg3
21. Ne6 Rxf3 22. Bxf3 Nxf3 23. Re3 c6 24. Qd1 Qg2 25. Ndf4 Qxg4 26. Rxf3 Bf5 27.
Nd8 Nf6 28. Qf1 Be4 29. Rf2 Qg3 30. Nf7+ Kg8 31. Nxd6 Bd5 32. Nxd5 cxd5 33. Kb1
Qxd6 34. Qg2 Qe5 35. Re2 Qd6 36. Qh3 h5 37. Qc8+ Kh7 38. Qf5+ Kh6 39. Re6 Qg3
40. Qxd5 h4 41. Qxb7 h3 42. Qh1 Qg2 43. Re1 Nh5 44. Qxg2 hxg2 45. Rg1 Nf4 46. b4
Kg5 47. a4 Kg4 48. a5 bxa5 49. bxa5 Kf3 50. a6 Nd5 51. a7 Nc7 52. Kb2 Kf2 53.
Rxg2+ Kxg2 54. Kb3 g5 55. Kc4 g4 56. Kc5 g3 57. Kc6 Na8 58. Kb7 Kh2 59. Kxa8 g2
60. Kb7 g1=Q 61. a8=Q Qg2+ 62. Ka7 Qxc2 63. Qb8+ Kh1 64. Qb7+ Qg2 65. Qxg2+ Kxg2 1/2-1/2

[Event "Titled Tue 17th Jun Early"]
[Site "chess.com INT"]
[Date "2025.06.17"]
[Round "4"]
[White "Matinian, Nikita"]
[Black "Indjic, Aleksandar"]
[Result "1/2-1/2"]
[WhiteTitle "GM"]
[BlackTitle "GM"]
[WhiteElo "2421"]
[BlackElo "2661"]
[WhiteFideId "24129100"]
[BlackFideId "911925"]
[EventDate "2025.06.17"]

1. e4 e5 2. Nf3 Nc6 3. Bb5 Bc5 4. c3 Nf6 5. d4 exd4 6. e5 Nd5 7. O-O Be7 8. cxd4
d6 9. Nc3 Be6 10. exd6 cxd6 11. Re1 O-O 12. Ne4 h6 13. Bd2 Re8 14. Rc1 Rc8 15.
Qa4 a6 16. Bxc6 Rxc6 17. Rxc6 Bd7 18. Rxd6 Bxd6 19. Qb3 Bc6 20. Nxd6 Rxe1+ 21.
Nxe1 Qxd6 22. Qg3 Qe6 23. Qe5 Qg6 24. Qg3 Qb1 25. h3 Kh8 26. Qb3 g5 27. a3 Kg7
28. Qc2 Qxc2 29. Nxc2 f6 30. f3 Kf7 31. Kf2 Ba4 32. Ne1 Bb5 33. g4 f5 34. Ng2 f4
35. h4 Bc4 36. h5 b6 37. Ne1 a5 38. Nc2 Bd3 39. Ne1 Bc4 40. b4 a4 41. Nc2 b5 42.
Ne1 Ke6 43. Bc1 Ne7 44. Nc2 Kd5 45. Ne1 Nc6 46. Ng2 Nxd4 47. Nxf4+ gxf4 48. Bxf4
Nc2 49. Bxh6 Nxa3 50. Bc1 Nc2 51. g5 Bd3 52. g6 Ke6 53. Kg3 a3 54. Kg4 Kf6 55.
Bg5+ Kg7 56. Bd2 Bxg6 57. hxg6 Kxg6 58. Kf4 a2 59. Bc3 Nxb4 60. Ke4 Kf7 61. Kd4
Nc2+ 62. Kc5 b4 63. Bb2 b3 64. Kc4 a1=Q 65. Bxa1 b2 66. Bxb2 Ne1 67. f4 Ng2 68.
Be5 Nxf4 1/2-1/2

[Event "Titled Tue 17th Jun Early"]
[Site "chess.com INT"]
[Date "2025.06.17"]
[Round "4"]
[White "Moroni, Luca Jr"]
[Black "Ozen, Batuhan"]
[Result "1-0"]
[WhiteTitle "GM"]
[BlackTitle "CM"]
[WhiteElo "2549"]
[BlackElo "2128"]
[WhiteFideId "865834"]
[BlackFideId "6345123"]
[EventDate "2025.06.17"]

1. d4 Nf6 2. Bf4 e6 3. e3 Be7 4. h3 d5 5. Nd2 c5 6. Ngf3 Nc6 7. c3 h6 8. Bd3 b6
9. Bb5 Bd7 10. Qa4 Qc8 11. Ne5 Nxe5 12. Bxe5 a6 13. Bxd7+ Qxd7 14. Qxd7+ Kxd7
15. c4 cxd4 16. Bxd4 b5 17. cxd5 Nxd5 18. O-O-O Rhc8+ 19. Kb1 Bf6 20. Nb3 Bxd4
21. Rxd4 Ke7 22. e4 Nf4 23. g3 e5 24. Rd2 Ne6 25. Rhd1 Rd8 26. Rd5 Rxd5 27. exd5
Rd8 28. Na5 Ke8 29. Nc6 Rd6 30. Nxe5 Nc7 31. Re1 Kf8 32. Rc1 Rxd5 33. f4 Ne6 34.
Rc8+ Rd8 35. Rc6 Nd4 36. Rxa6 f6 37. Nc6 Nxc6 38. Rxc6 Rd3 39. Rc3 Rd2 40. a3 g5
41. fxg5 hxg5 42. g4 Ke7 43. Ka2 Rf2 44. Kb3 Kd6 45. Rd3+ Kc5 46. Kc3 Kc6 47. b3
Kc5 48. Re3 Kd5 49. Kb4 Kc6 50. Re6+ Kd5 51. Rb6 Rf3 52. Rxb5+ Kd6 53. Rf5 Rxf5
54. gxf5 Ke5 55. a4 Kxf5 56. a5 g4 57. hxg4+ Kxg4 58. a6 f5 59. a7 f4 60. a8=Q 1-0

[Event "Titled Tue 17th Jun Early"]
[Site "chess.com INT"]
[Date "2025.06.17"]
[Round "4"]
[White "Thomforde-Toates, Noah"]
[Black "Maghsoodloo, Parham"]
[Result "1/2-1/2"]
[BlackTitle "GM"]
[WhiteElo "2128"]
[BlackElo "2691"]
[WhiteFideId "30951992"]
[BlackFideId "12539929"]
[EventDate "2025.06.17"]

1. d4 Nf6 2. Nc3 d5 3. Bf4 a6 4. e3 Bg4 5. f3 Bd7 6. g4 h6 7. Bd3 c5 8. dxc5 Nc6
9. e4 e5 10. exd5 exf4 11. dxc6 Bxc6 12. Qe2+ Qe7 13. O-O-O O-O-O 14. Bf5+ Kb8
15. Rxd8+ Qxd8 16. Qe5+ Qc7 17. Qd4 Be7 18. Nge2 Bxf3 19. Rf1 Bg2 20. Rxf4 Bxc5
21. Qd3 Re8 22. Rc4 Be3+ 23. Kb1 Qxh2 24. a4 Qe5 25. Rb4 Bc5 26. Rc4 Qd6 27.
Rxc5 Qxc5 28. Qg3+ Qe5 29. Qxg2 g6 30. Bd3 h5 31. gxh5 gxh5 32. Qf2 Re6 33. Ka2
Rd6 34. Nf4 Ng4 35. Qg3 Kc7 36. Be2 Rd4 37. Nxh5 Qxg3 38. Nxg3 Ne3 39. Bd3 Kd6
40. Kb3 Ke5 41. a5 f5 42. Nge2 Rd6 43. Na4 Rd5 44. Kb4 f4 45. Nxf4 Kxf4 46. Nc5
Rd4+ 47. Kc3 Ke5 48. Nxb7 Nd5+ 49. Kd2 Rb4 50. Nc5 Rxb2 51. Nxa6 Kd6 52. Bc4 Ne7
53. Kc3 Rb7 54. Nb4 Ra7 55. a6 Kc5 56. Nd3+ Kb6 57. Nb4 Rd7 58. Bd3 Rc7+ 59. Kb3
Rd7 60. c4 Rd8 61. Kc3 Nc8 62. Be2 Nd6 63. Nd5+ Kc5 64. Nb4 Ne4+ 65. Kb3 Rb8 66.
a7 Rxb4+ 67. Ka3 Nd2 68. a8=Q Nb1+ 69. Ka2 Nc3+ 70. Ka3 Nb1+ 71. Ka2 Nc3+ 72.
Ka3 Nb1+ 1/2-1/2

[Event "Titled Tue 17th Jun Early"]
[Site "chess.com INT"]
[Date "2025.06.17"]
[Round "4"]
[White "Ter-Sahakyan, Samvel"]
[Black "Krylov, Ivan"]
[Result "0-1"]
[WhiteTitle "GM"]
[BlackTitle "FM"]
[WhiteElo "2611"]
[BlackElo "2426"]
[WhiteFideId "13302531"]
[BlackFideId "24128066"]
[EventDate "2025.06.17"]

1. d4 d5 2. c4 e6 3. Nc3 c6 4. e3 Bd6 5. Bd3 f5 6. f4 Nf6 7. Nf3 O-O 8. O-O b6
9. b3 Bb7 10. Bb2 Nbd7 11. Rc1 Ne4 12. cxd5 exd5 13. Bxe4 fxe4 14. Ne5 Nxe5 15.
dxe5 Bc5 16. Qd2 Ba6 17. Ne2 Rc8 18. Kh1 Qe7 19. Rfd1 Bd3 20. Nd4 h6 21. Qf2
Bxd4 22. Bxd4 c5 23. Bb2 Qe6 24. Qg3 Rf5 25. Rd2 Rcf8 26. h3 Kh7 27. Qh2 R5f7
28. Re1 g5 29. Rf2 gxf4 30. Rxf4 Rxf4 31. exf4 d4 32. g4 e3 33. f5 Qd5+ 34. Kg1
Qf3 35. Qg2 Qf4 36. e6 Bxf5 37. Rf1 Qg5 38. gxf5 Rxf5 39. Qxg5 Rxg5+ 40. Kh2 Re5
41. Re1 Rxe6 42. Bc1 Kg6 43. Kg3 Rf6 44. b4 Rf2 45. bxc5 bxc5 46. Ba3 Rc2 47.
Kf3 Kf5 48. Rb1 Rf2+ 49. Kg3 Rxa2 50. Bxc5 Ke4 51. Rb4 Rd2 52. Rb8 Kd3 53. Rd8
Kc4 54. Bxa7 e2 55. Kf2 d3 56. Re8 Rd1 57. Rc8+ Kb5 58. Re8 Rf1+ 59. Kg3 e1=Q+ 0-1